2011 Movies - Statistics

General Stats
  • This quiz has been taken 45 times
    41 since last reset
  • The average score is 19 of 50
Answer Stats
Picture Answer % Correct
Kung Fu Panda 2
100%
Captain America: The First Avenger
90%
Harry Potter And The Deathly Hallows - Part 2
90%
Rio
90%
Transformers: Dark Of The Moon
86%
Rango
81%
Sherlock Holmes: A Game Of Shadows
81%
Green Lantern
76%
The Muppets
76%
Thor
76%
X-Men: First Class
67%
Bad Teacher
62%
Rise Of The Planet Of The Apes
62%
Paul
57%
Mr Popper's Penguins
52%
Bridesmaids
48%
Friends With Benefits
48%
The Hangover: Part II
48%
Conan The Barbarian
43%
Hugo
43%
Mission: Impossible - Ghost Protocol
43%
Horrible Bosses
38%
50/50
33%
Real Steel
33%
Cowboys & Aliens
29%
Hanna
29%
Just Go With It
29%
Limitless
29%
Fast Five
24%
In Time
24%
Arthur
19%
Drive Angry
19%
I Am Number Four
19%
Super 8
19%
The Green Hornet
19%
Crazy, Stupid, Love
14%
Source Code
14%
The Three Musketeers
14%
Tinker Tailor Soldier Spy
14%
Tower Heist
14%
Your Highness
14%
Attack The Block
10%
Haywire
10%
Immortals
10%
The Adjustment Bureau
10%
Unknown
10%
Machine Gun Preacher
5%
Abduction
0%
Fright Night
0%
The Mechanic
0%
No matching quizzes found
Score Distribution
Percent of People with Each Score
Percentile by Number Answered
Your Score History
You have not taken this quiz since the last reset